Использование принципов машинного обучения для создания системы анализа текста на предмет заимствований; Прогрессивные технологии и экономика в машиностроении

Chi tiết về thư mục
Parent link:Прогрессивные технологии и экономика в машиностроении.— 2015.— [С. 293-295]
Tác giả chính: Останин В. В.
Tác giả của công ty: Национальный исследовательский Томский политехнический университет (ТПУ) Юргинский технологический институт (филиал) (ЮТИ) Кафедра информационных систем (ИС)
Tác giả khác: Захарова А. А. Александра Александровна (научный руководитель)
Tóm tắt:Заглавие с экрана
Ngôn ngữ:Tiếng Nga
Được phát hành: 2015
Loạt:Автоматизация и информатизация на производстве и в образовательном процессе
Những chủ đề:
Truy cập trực tuyến:http://earchive.tpu.ru/handle/11683/17666
http://www.lib.tpu.ru/fulltext/c/2015/C57/123.pdf
Định dạng: MixedMaterials Điện tử Chương của sách
KOHA link:https://koha.lib.tpu.ru/cgi-bin/koha/opac-detail.pl?biblionumber=611819

MARC

LEADER 00000naa2a2200000 4500
001 611819
005 20260417100410.0
035 |a (RuTPU)RU\TPU\conf\9666 
035 |a RU\TPU\conf\9665 
090 |a 611819 
100 |a 20150421d2015 k y0rusy50 ca 
101 0 |a rus 
102 |a RU 
135 |a drcn ---uucaa 
181 0 |a i  
182 0 |a b 
200 1 |a Использование принципов машинного обучения для создания системы анализа текста на предмет заимствований  |f В. В. Останин  |g науч. рук. А. А. Захарова 
203 |a Текст  |c электронный 
215 |a 1 файл(330 Кб) 
225 1 |a Автоматизация и информатизация на производстве и в образовательном процессе 
300 |a Заглавие с экрана 
320 |a [Библиогр.: с. 295 (3 назв.)] 
337 |a Adobe Reader 
463 1 |0 (RuTPU)RU\TPU\conf\9525  |t Прогрессивные технологии и экономика в машиностроении  |o сборник трудов VI Всероссийской научно-практической конференции для студентов и учащейся молодежи, 9-11 апреля 2015 г., Юрга  |f Национальный исследовательский Томский политехнический университет (ТПУ), Юргинский технологический институт (ЮТИ) ; под ред. Д. А. Чинахова  |v [С. 293-295]  |d 2015 
610 1 |a электронный ресурс 
610 1 |a труды учёных ТПУ 
610 1 |a машинное обучение 
610 1 |a тексты 
610 1 |a заимствования 
610 1 |a плагиат 
700 1 |a Останин  |b В. В. 
702 1 |a Захарова  |b А. А.  |c специалист в области информатики и вычислительной техники  |c доцент Юргинского технологического института (филиал) Томского политехнического университета, кандидат технических наук  |f 1976-  |g Александра Александровна  |4 727 
712 0 2 |a Национальный исследовательский Томский политехнический университет (ТПУ)  |b Юргинский технологический институт (филиал) (ЮТИ)  |b Кафедра информационных систем (ИС)  |3 (RuTPU)RU\TPU\col\18893 
801 1 |a RU  |b 63413507  |c 20101016 
801 2 |a RU  |b 63413507  |c 20210212  |g RCR 
856 4 |u http://earchive.tpu.ru/handle/11683/17666 
856 4 |u http://www.lib.tpu.ru/fulltext/c/2015/C57/123.pdf 
942 |c BK